[Event "2012 Oregon Open"]
[Site "Gresham, OR"]
[Date "2012.09.01"]
[Round "1"]
[White "Burris, Christopher"]
[Black "Brown, Nicholas"]
[Result "1-0"]
[WhiteElo "1733"]
[BlackElo "1455"]
[PlyCount "76"]

1. e4 e6 2. Qe2 c5 3. g3 Nc6 4. Bg2 Nge7 5. d3 d5 6. c3 d4 7. c4 e5 8. f4 Ng6
9. f5 Nge7 10. Nf3 g6 11. fxg6 hxg6 12. Na3 Bg4 13. h3 Be6 14. Ng5 Qd7 15. Nxe6
Qxe6 16. Bd2 Bh6 17. Bxh6 Rxh6 18. h4 O-O-O 19. Bh3 f5 20. O-O-O Kb8 21. Bg2
Rdh8 22. Rde1 Qf6 23. Qd2 Rg8 24. Qxh6 Nb4 25. Qd2 g5 26. Kb1 f4 27. hxg5 Qxg5
28. Re2 Qxg3 29. Rh3 Qg4 30. Nc2 Nbc6 31. Ne1 Rf8 32. Nf3 Ng6 33. Qe1 Nb4 34.
Qd1 Kc7 35. Bf1 Nc6 36. Reh2 Kc8 37. Be2 Qd7 38. Nh4 Nge7 1-0

[Event "2012 Oregon Open"]
[Site "Gresham, OR"]
[Date "2012.09.01"]
[Round "1"]
[White "Daily-Keller, Nancy"]
[Black "Placek, Philip"]
[Result "1/2-1/2"]
[WhiteElo "1453"]
[BlackElo "1714"]
[PlyCount "81"]

1. e4 Nf6 2. Nc3 e5 3. a3 Bc5 4. Bc4 O-O 5. d3 d6 6. Bg5 c6 7. h3 Nbd7 8. Nf3
Re8 9. O-O h6 10. Bh4 Nf8 11. b4 Bb6 12. a4 a5 13. b5 Ng6 14. Bg3 Be6 15. Bb3
Nh5 16. Kh2 Nhf4 17. bxc6 bxc6 18. Qd2 h5 19. Bxf4 Nxf4 20. Ne2 Nxe2 21. Qxe2
Bxb3 22. cxb3 Rb8 23. Nd2 g6 24. f4 exf4 25. Rxf4 d5 26. Kh1 Qd6 27. Rf3 Re7
28. Raf1 Bc7 29. g4 hxg4 30. hxg4 Kg7 31. Qf2 Rh8+ 32. Kg1 Qd7 33. Qd4+ Be5 $2
(33... Kg8 $1 $19) 34. Rxf7+ Rxf7 $2 (34... Kg8 $1 $17 35. Rf8+ Kh7 36. Qxe5
Rxf8 $1 37. Qg3 Qa7+ 38. Kg2 Rxf1 39. Kxf1 Kg7) 35. Qxe5+ Kg8 36. Qb8+ Kg7 37.
Qe5+ Kh7 38. Qh2+ Kg8 39. Qb8+ Kh7 40. Qh2+ Kg7 41. Qe5+ 1/2-1/2

[Event "2012 Oregon Open"]
[Site "Gresham, OR"]
[Date "2012.09.01"]
[Round "1"]
[White "Roland, Jeffrey"]
[Black "Kiplinger Sr., Bill"]
[Result "0-1"]
[WhiteElo "1700"]
[BlackElo "2000"]
[PlyCount "72"]

1. d4 Nf6 2. Nf3 g6 3. g3 Bg7 4. Bg2 d5 5. O-O O-O 6. Ne5 Nbd7 7. f4 e6 8. Nd2
c5 9. Ndf3 cxd4 10. Nxd7 Nxd7 11. Nxd4 Qb6 12. c3 Nf6 13. Qb3 Qc7 14. Nf3 Qc5+
15. Nd4 Ne4 16. Be3 Qc7 17. Nb5 Qc6 18. Bxe4 dxe4 19. Nxa7 Qa6 20. Nxc8 Rfxc8
21. Kf2 b5 22. Rfd1 Rd8 23. a3 Qa4 24. Qxa4 bxa4 25. Rxd8+ Rxd8 26. Rc1 Kf8 27.
Rc2 Ke8 28. Rd2 Rd5 29. Rxd5 exd5 30. Bc5 Kd7 31. Ke3 Kc6 32. Bd4 Bf8 33. c4 f5
34. cxd5+ Kxd5 35. Bb6 Bg7 36. Bd8 Bxb2 0-1

[Event "2012 Oregon Open"]
[Site "Gresham, OR"]
[Date "2012.09.01"]
[Round "2"]
[White "Brown, Nicholas"]
[Black "Bradburn, Greg"]
[Result "1-0"]
[WhiteElo "1455"]
[BlackElo "1095"]
[PlyCount "63"]

1. Nf3 d6 2. g3 e5 3. d3 g6 4. Bg2 Bg7 5. e4 Nf6 6. O-O O-O 7. Nc3 Be6 8. d4
Nc6 9. d5 Bd7 10. dxc6 Bxc6 11. Nd5 Nxe4 12. Re1 f5 13. c4 Bxd5 14. Qxd5+ Kh8
15. Qxb7 Nc5 16. Qd5 Nd7 17. Ng5 Re8 18. Qxa8 Qxa8 19. Bxa8 Rxa8 20. Ne6 Rc8
21. Nxg7 Kxg7 22. Be3 c5 23. Rad1 Rc6 24. Rd3 a6 25. Red1 Nf6 26. Rxd6 Rxd6 27.
Rxd6 Nh5 28. Rxa6 f4 29. Bxc5 fxg3 30. hxg3 e4 31. b4 Nf6 32. Bd4 1-0

[Event "2012 Oregon Open"]
[Site "Gresham, OR"]
[Date "2012.09.01"]
[Round "2"]
[White "Kiiru, Joseph"]
[Black "Roland, Jeffrey"]
[Result "1-0"]
[WhiteElo "1911"]
[BlackElo "1700"]
[PlyCount "57"]

1. d4 Nf6 2. c4 g6 3. Nc3 d5 4. Bf4 Bg7 5. Nf3 O-O 6. h3 c6 7. e3 dxc4 8. Bxc4
b5 9. Bd3 a6 10. O-O Bb7 11. Rc1 Nbd7 12. e4 c5 13. d5 Nb6 14. b3 Rc8 15. Qe2
c4 16. Bb1 cxb3 17. axb3 Nfd7 18. Qe3 e6 19. Bd6 Re8 20. dxe6 Rxe6 21. Rfd1 Rc6
{(21...Nd5! was suggested to me by my opponent immediately after the game,
noting that the Bishop on d6 is no longer protected. This gives Black a much
better chance than what was played. This is a very complicated and interesting
game, but after the text move, Black's game goes down hill very quickly.
--Roland)} 22. Bf4 Re8 23. Nd4 Rxc3 24. Qxc3 Bxe4 25. Qg3 Bxd4 26. Rxd4 Qf6 27.
Rd6 Qb2 28. Bxe4 Rxe4 29. Bh6 1-0

[Event "2012 Oregon Open"]
[Site "Gresham, OR"]
[Date "2012.09.02"]
[Round "3"]
[White "Nicoski, Aaron"]
[Black "Brown, Nicholas"]
[Result "1-0"]
[WhiteElo "1780"]
[BlackElo "1455"]
[PlyCount "51"]

1. d4 Nf6 2. Bf4 g6 3. e3 Bg7 4. h3 d6 5. Nf3 O-O 6. c4 Nbd7 7. Nc3 Re8 8. Be2
Nh5 9. Bh2 e5 10. O-O e4 11. Nd2 Nhf6 12. Qc2 Qe7 13. b4 Nb6 14. Rab1 h5 15. c5
dxc5 16. bxc5 Nbd5 17. Nxd5 Nxd5 18. Bc4 c6 19. Bd6 Qh4 20. Qb3 Qg5 21. Kh1
Bxd4 22. f4 exf3 23. Nxf3 Bxh3 24. Nxg5 Bxg2+ 25. Kxg2 Rxe3 26. Qxb7 1-0

[Event "2012 Oregon Open"]
[Site "Gresham, OR"]
[Date "2012.09.02"]
[Round "4"]
[White "Brown, Nicholas"]
[Black "Kenway, Geoffrey"]
[Result "1-0"]
[WhiteElo "1455"]
[BlackElo "1136"]
[PlyCount "85"]

1. Nf3 d5 2. g3 Nc6 3. Bg2 e5 4. d3 g6 5. O-O Bg7 6. e4 d4 7. Nbd2 Nge7 8. Nc4
O-O 9. a4 Be6 10. Ncd2 Qd7 11. Ng5 f5 12. Nxe6 Qxe6 13. Nc4 a6 14. Bg5 Rab8 15.
Qe2 h6 16. Bd2 f4 17. g4 Qf6 18. f3 g5 19. Rfb1 Kf7 20. b4 Ng6 21. Qd1 Rh8 22.
b5 axb5 23. Rxb5 Bf8 24. Rab1 b6 25. a5 Na7 26. Rd5 Bd6 27. axb6 Nc8 28. bxc7
Rxb1 29. Qxb1 Nge7 30. Nxd6+ Nxd6 31. Rc5 Nec8 32. c3 Qe7 33. cxd4 exd4 34. Qb4
Qd7 35. Qxd4 Qe8 36. Qd5+ Qe6 37. Qxe6+ Kxe6 38. d4 Rh7 39. Bf1 Ne8 40. Re5+
Kd7 41. Bb5+ Kxc7 42. Rxe8 Nd6 43. Re5 1-0

[Event "2012 Oregon Open"]
[Site "Gresham, OR"]
[Date "2012.09.02"]
[Round "4"]
[White "Roland, Jeffrey"]
[Black "Bulakh, Nikolay"]
[Result "0-1"]
[WhiteElo "1700"]
[BlackElo "1932"]
[PlyCount "68"]

1. d4 d5 2. c4 c6 3. Nf3 Nf6 4. Nc3 Bf5 5. e3 e6 6. Qb3 Qb6 7. c5 Qxb3 8. axb3
Nbd7 9. b4 Be7 10. Be2 O-O 11. O-O e5 12. Nxe5 Nxe5 13. dxe5 Nd7 14. f4 a5 15.
g4 Bc2 16. Nxd5 cxd5 17. Bb5 Nb8 18. Bd2 Nc6 19. Rfc1 Be4 20. bxa5 Na7 21. Be2
Rfd8 22. b4 d4 23. Rc4 Nb5 24. g5 Bd3 25. Bxd3 dxe3 26. Bxh7+ Kxh7 27. Bxe3 Rd3
28. Kf2 Kg6 29. Ke2 Rad8 30. Rac1 Kf5 31. h3 R3d5 32. c6 bxc6 33. Ra1 Rd3 34.
Rac1 Rb3 0-1

[Event "2012 Oregon Open"]
[Site "Gresham, OR"]
[Date "2012.09.03"]
[Round "5"]
[White "Bartron, Paul"]
[Black "Raptis, Nick"]
[Result "1/2-1/2"]
[WhiteElo "2110"]
[BlackElo "2309"]
[PlyCount "89"]

1. e4 e6 2. d4 d5 3. exd5 exd5 4. Bd3 Nc6 5. c3 Bd6 6. Nf3 Nge7 7. Bg5 Bg4 8.
Nbd2 Qd7 9. Qc2 O-O-O 10. O-O-O f6 11. Be3 Bf5 12. Rde1 Rde8 13. h3 Bxd3 14.
Qxd3 Ng6 15. Qb5 Nce7 16. Qxd7+ Kxd7 17. Nb3 Nf5 18. Bd2 b6 19. g3 Re7 20.
Rxe7+ Bxe7 21. h4 h5 22. Ne1 Nf8 23. Nd3 Ne6 24. Be3 Bd6 25. Kd2 Re8 26. Re1
Rh8 27. Rh1 Ke7 28. a3 Kf7 29. Nbc1 Ne7 30. Ne2 Ng6 31. Nb4 Ne7 32. Nd3 g6 33.
Bf4 Rd8 34. Bxd6 Rxd6 35. Nef4 Nf5 36. Re1 Nfg7 37. Nxe6 Nxe6 38. f4 Ng7 39.
Ke2 Re6+ 40. Kf3 Rxe1 41. Nxe1 Nf5 42. Nc2 Ke6 43. Ne3 Nxe3 44. Kxe3 a5 45. a4
1/2-1/2

[Event "2012 Oregon Open"]
[Site "Gresham, OR"]
[Date "2012.09.03"]
[Round "5"]
[White "Fields, Noah"]
[Black "Roland, Jeffrey"]
[Result "1/2-1/2"]
[WhiteElo "1881"]
[BlackElo "1700"]
[PlyCount "78"]

1. e4 e5 2. Nf3 Nc6 3. Bb5 a6 4. Ba4 Nf6 5. O-O Nxe4 6. Re1 Nc5 7. Bxc6 dxc6 8.
Nxe5 Be7 9. d4 Ne6 10. c3 O-O 11. Be3 f6 12. Nd3 Qd5 13. Nd2 b5 14. Qe2 Re8 15.
a3 Bd7 16. Rf1 Bd6 17. Rae1 c5 18. dxc5 Bxc5 19. Nxc5 Nxc5 20. Rd1 Rad8 21. Nf3
Qh5 22. Rd4 Bg4 23. Rfd1 Rxd4 24. Rxd4 Ne6 25. Re4 Qg6 26. Bf4 Kf8 27. Qe3 Bxf3
28. Qxf3 Nxf4 29. Rxe8+ Qxe8 30. h3 Qe1+ 31. Kh2 Ne2 32. h4 Qg1+ 33. Kh3 Qd1
34. Kh2 h5 35. g3 Qg1+ 36. Kh3 Qf1+ 37. Kh2 Qg1+ 38. Kh3 Qf1+ 39. Kh2 Qg1+
1/2-1/2

[Event "2012 Oregon Open"]
[Site "Gresham, OR"]
[Date "2012.09.03"]
[Round "5"]
[White "Gaikwad, Dagadu"]
[Black "Brown, Nicholas"]
[Result "1/2-1/2"]
[WhiteElo "1601"]
[BlackElo "1455"]
[PlyCount "49"]

1. e4 e6 2. d4 d5 3. Nc3 Bb4 4. exd5 exd5 5. Nf3 Nc6 6. Bd3 Bg4 7. Be3 Qf6 8.
Be2 h6 9. a3 Bxc3+ 10. bxc3 Nge7 11. h3 Bh5 12. Rb1 Rb8 13. O-O O-O 14. Re1
Rfe8 15. Qd2 Nf5 16. Bf4 Nd6 17. Bxd6 Qxd6 18. Ne5 Bxe2 19. Nxc6 Qxc6 20. Rxe2
Rxe2 21. Qxe2 Re8 22. Qd3 b6 23. f3 Qd6 24. c4 dxc4 25. Qxc4 1/2-1/2

[Event "2012 Oregon Open"]
[Site "Gresham, OR"]
[Date "2012.09.03"]
[Round "5"]
[White "Kiiru, Joseph"]
[Black "Haessler, Carl"]
[Result "0-1"]
[WhiteElo "1911"]
[BlackElo "2228"]
[PlyCount "62"]

1. d4 c5 2. d5 e5 3. c4 f5 4. e4 d6 5. Nc3 Nf6 6. Bd3 g6 7. Nf3 Bg7 8. h3 O-O
9. Qe2 Na6 10. a3 Nc7 11. Rb1 a6 12. b4 cxb4 13. axb4 b5 14. cxb5 Nxb5 15. O-O
fxe4 16. Nxe4 Nxd5 17. Bxb5 axb5 18. Qxb5 Nc7 19. Qb6 Bf5 20. Bg5 Qd7 21. Nfd2
Nd5 22. Qxd6 Qxd6 23. Nxd6 Bxb1 24. Rxb1 h6 25. Bh4 Rf4 26. Nf3 e4 27. Bg3 exf3
28. Bxf4 Nxf4 29. b5 Ne2+ 30. Kh1 Nc3 31. Rc1 Rd8 0-1

[Event "2012 Oregon Open"]
[Site "Gresham, OR"]
[Date "2012.09.03"]
[Round "5"]
[White "Kiplinger Jr., Bill"]
[Black "Cigan, Jason"]
[Result "1-0"]
[WhiteElo "1809"]
[BlackElo "1929"]
[PlyCount "77"]

1. e4 c5 2. Nf3 d6 3. Bb5+ Nd7 4. O-O Ngf6 5. e5 dxe5 6. Nxe5 a6 7. Bxd7+ Nxd7
8. f4 Nxe5 9. fxe5 Qd4+ 10. Kh1 Qxe5 11. Nc3 Be6 12. d3 O-O-O 13. Bf4 Qd4 14.
a4 h5 15. a5 Bg4 16. Qe1 f6 17. Na4 e5 18. Nb6+ Kb8 19. Be3 Qxb2 20. Qf2 Qb5
21. Rfb1 Qc6 22. Na4 Rd4 23. Bxd4 cxd4 24. Rb6 Qd5 25. Qd2 Bd7 26. c4 dxc3 27.
Nxc3 Qd4 28. Rab1 Bc8 29. Qb2 Qd7 30. Rxa6 Bc5 31. Ne4 Bd4 32. Qb4 Re8 33. Rc1
b6 34. Rxb6+ Bxb6 35. axb6 Qxd3 36. Qa4 Re7 37. Rxc8+ Kxc8 38. Qa8+ Kd7 39.
Nc5+ 1-0

[Event "2012 Oregon Open"]
[Site "Gresham, OR"]
[Date "2012.09.03"]
[Round "5"]
[White "Sherrerd, Jerry"]
[Black "Movsisyan, Moses"]
[Result "1/2-1/2"]
[WhiteElo "1945"]
[BlackElo "2279"]
[PlyCount "121"]

1. e4 c5 2. Nf3 Nc6 3. Bb5 g6 4. O-O Bg7 5. Re1 Nf6 6. e5 Nd5 7. Nc3 Nc7 8. Bc4
O-O 9. h3 Ne6 10. d3 Qc7 11. Nd5 Qb8 12. c3 Re8 13. Qe2 b5 14. Bb3 d6 15. exd6
Qxd6 16. Ng5 Nxg5 17. Bxg5 Bb7 18. Bf4 e5 19. Bg3 Na5 20. Ne3 Nxb3 21. axb3 f5
22. Bh4 e4 23. d4 cxd4 24. Qxb5 dxe3 25. Qxb7 Reb8 26. Qa6 exf2+ 27. Bxf2 Qxa6
28. Rxa6 Rxb3 29. Re2 Rb7 30. Bc5 Rab8 31. Ba3 Rd8 32. Kf2 Bf8 33. c4 Bxa3 34.
Rxa3 Rc8 35. Rc2 Rb4 36. b3 Rc7 37. Ke3 Kf7 38. Kd4 Ke6 39. Rc3 Rd7+ 40. Ke3
Rb6 41. c5 Rb5 42. Ra4 Ke5 43. c6 Rc7 44. Ra2 f4+ 45. Ke2 g5 46. Rd2 Rd5 47. b4
Rxd2+ 48. Kxd2 Kd4 49. Rc1 h5 50. b5 g4 51. hxg4 hxg4 52. Ke2 f3+ 53. gxf3
gxf3+ 54. Kf2 Kd5 55. Ke3 Rc8 56. Rd1+ Kc5 57. Rd7 Kxb5 58. Rxa7 Kb6 59. Ra1
Rf8 $2 (59... Re8 $19) 60. Kxe4 f2 61. Rf1 1/2-1/2

[Event "2012 Oregon Open"]
[Site "Gresham, OR"]
[Date "2012.09.03"]
[Round "6"]
[White "Brown, Nicholas"]
[Black "Brusselback, Lon"]
[Result "1-0"]
[WhiteElo "1455"]
[BlackElo "1549"]
[PlyCount "89"]

1. Nf3 d5 2. g3 c6 3. Bg2 g6 4. d3 Bg7 5. O-O Nf6 6. Nc3 O-O 7. e4 d4 8. Ne2 c5
9. Nh4 e5 10. f4 exf4 11. Bxf4 Nc6 12. Bg5 h6 13. Bd2 Ne5 14. h3 Be6 15. Nf3
Nxf3+ 16. Rxf3 Nd7 17. Nf4 Ne5 18. Rf2 Qd7 19. Qe2 g5 20. Nh5 f6 21. g4 Nxg4
22. hxg4 Bxg4 23. Bf3 Be6 24. Nxg7 Qxg7 25. Bg4 Rae8 26. Raf1 f5 27. Bxf5 Bxf5
28. Rxf5 Rxf5 29. Rxf5 Qg6 30. Qg4 Kh7 31. Rxc5 Re7 32. Qf5 Qxf5 33. Rxf5 Rc7
34. c3 dxc3 35. Bxc3 Rd7 36. d4 Kg6 37. d5 g4 38. Rf8 h5 39. Rf6+ Kg5 40. d6 g3
41. e5 h4 42. Re6 Rf7 43. Re7 Rf2 44. d7 h3 45. Rg7+ 1-0

[Event "2012 Oregon Open"]
[Site "Gresham, OR"]
[Date "2012.09.03"]
[Round "6"]
[White "Burgoon, Stephen"]
[Black "Nicoski, Aaron"]
[Result "1/2-1/2"]
[WhiteElo "1600"]
[BlackElo "1780"]
[PlyCount "93"]

1. d4 Nf6 2. c4 e5 3. dxe5 Ng4 4. Nf3 Nc6 5. e3 Ngxe5 6. Be2 g6 7. Nc3 Bg7 8.
O-O O-O 9. e4 d6 10. h3 Be6 11. Nd5 h6 12. Be3 b6 13. Rc1 Nxf3+ 14. Bxf3 Bxb2
15. Bxh6 Bxc1 16. Qxc1 Bxd5 17. Bxf8 Bxc4 18. Re1 (18. Qxc4 $1) 18... Kxf8 19.
e5 (19. Qxc4 $1) 19... Nxe5 20. Bxa8 Qxa8 21. Qh6+ Kg8 22. f4 Nd3 23. Re3 Qf8
24. Qh4 d5 25. Kh2 Kg7 26. Qg3 Qd6 27. Rf3 Nc5 28. h4 Ne4 29. Qe1 a5 30. g3 Qb4
31. Qa1+ f6 32. f5 Qd2+ 33. Kh3 Nf2+ 34. Kg2 Ng4+ 35. Kh3 Bd3 36. Kxg4 Bxf5+
37. Rxf5 gxf5+ 38. Kxf5 Qf2+ 39. Ke6 d4 40. Qd1 Qe3+ 41. Kd7 Qxg3 42. Qxd4 Qd6+
43. Qxd6 cxd6 44. Kxd6 Kg6 $4 45. a4 Kf5 46. Ke7 Kg6 47. h5+ 1/2-1/2

[Event "2012 Oregon Open"]
[Site "Gresham, OR"]
[Date "2012.09.03"]
[Round "6"]
[White "Dalthorp, Dan"]
[Black "Tache, Corey"]
[Result "1-0"]
[WhiteElo "1608"]
[BlackElo "1694"]
[PlyCount "57"]

1. e4 c6 2. d4 d5 3. e5 Bf5 4. Nc3 e6 5. g4 Bg6 6. Nge2 Bb4 7. Bd2 Nd7 8. h4 f6
9. h5 Bf7 10. f4 Nh6 11. Ng3 fxe5 12. dxe5 Qb6 13. Qf3 d4 14. Nce4 Bxd2+ 15.
Kxd2 O-O-O 16. g5 Qb4+ 17. Kc1 Rhf8 18. gxh6 Bg8 19. Bd3 Nxe5 20. Qe2 Rxf4 21.
hxg7 Ng4 22. Rf1 Rxf1+ 23. Qxf1 Ne3 24. a3 Qa5 25. b4 Qc7 26. Qf6 Nf5 27. Nxf5
Qf4+ 28. Kb2 exf5 29. Rf1 1-0

[Event "2012 Oregon Open"]
[Site "Gresham, OR"]
[Date "2012.09.03"]
[Round "6"]
[White "Gutman, Richard"]
[Black "Lampman, Becca"]
[Result "1-0"]
[WhiteElo "2050"]
[BlackElo "1911"]
[PlyCount "59"]

1. b3 e5 2. Bb2 Nc6 3. e3 d5 4. Bb5 Bd6 5. f4 Qe7 6. Nf3 Bg4 7. fxe5 Bxf3 8.
exd6 Qh4+ 9. g3 Qh5 10. Be2 Bxe2 11. Qxe2 Qxe2+ 12. Kxe2 f6 13. dxc7 Nge7 14.
Nc3 Rc8 15. Nb5 O-O 16. Ba3 a6 17. Bxe7 Nxe7 18. Nd4 Rfe8 19. a4 Rxc7 20. b4
Nc6 21. Nxc6 bxc6 22. Kd3 Kf7 23. Ra3 Re5 24. Rb3 c5 25. bxc5 Re4 26. Rc3 Ke6
27. Rb1 Rxa4 28. Rb6+ Ke5 29. Ke2 Kf5 30. d4 1-0

[Event "2012 Oregon Open"]
[Site "Gresham, OR"]
[Date "2012.09.03"]
[Round "6"]
[White "Haessler, Carl"]
[Black "Sherrard, Jerry"]
[Result "1-0"]
[WhiteElo "2228"]
[BlackElo "1945"]
[PlyCount "51"]

1. c4 e5 2. g3 c6 3. d4 exd4 4. Qxd4 Qf6 5. Be3 Na6 6. Nc3 Bc5 7. Qe4+ Qe6 8.
Qxe6+ fxe6 9. Bxc5 Nxc5 10. e4 Nf6 11. f3 a5 12. e5 Ng8 13. f4 Ne7 14. Nf3 Nf5
15. O-O-O b6 16. Be2 Ba6 17. b3 Ke7 18. Ng5 h6 19. Nge4 Rhc8 20. Nxc5 bxc5 21.
Na4 Nd4 22. Bg4 Rd8 23. Nxc5 Nf5 24. Bxf5 exf5 25. Rd6 a4 26. Rhd1 1-0

[Event "2012 Oregon Open"]
[Site "Gresham, OR"]
[Date "2012.09.03"]
[Round "6"]
[White "Herrera, Robert"]
[Black "Tezcan, Yaman"]
[Result "1/2-1/2"]
[WhiteElo "2051"]
[BlackElo "1954"]
[PlyCount "48"]

1. c4 c5 2. Nc3 Nf6 3. Nf3 d5 4. cxd5 Nxd5 5. e4 Nb4 6. Bc4 Nd3+ 7. Ke2 Nf4+ 8.
Kf1 Ne6 9. b4 cxb4 10. Ne2 Nc5 11. Ng3 e6 12. d4 Ncd7 13. Bb2 Nb6 14. Bd3 Bd7
15. Rc1 Na4 16. Ba1 Na6 17. Ne5 Be7 18. Nh5 Rg8 19. g3 Rc8 20. Rxc8 Qxc8 21.
Qe2 Nb6 22. Kg2 g6 23. Nf4 Ba4 24. Qf3 f5 1/2-1/2

[Event "2012 Oregon Open"]
[Site "Gresham, OR"]
[Date "2012.09.03"]
[Round "6"]
[White "Raptis, Nick"]
[Black "MacGregor, Mike"]
[Result "1/2-1/2"]
[WhiteElo "2309"]
[BlackElo "2177"]
[PlyCount "128"]

1. d4 Nf6 2. c4 g6 3. Nc3 d5 4. Bf4 Bg7 5. e3 c5 6. dxc5 Qa5 7. Nf3 Nc6 8. Qa4
Qxa4 9. Nxa4 Nb4 10. Nd4 Ne4 11. a3 Na6 12. cxd5 Naxc5 13. Nxc5 Nxc5 14. Rd1
O-O 15. Bc4 Bd7 16. O-O Rac8 17. Rc1 a6 18. b4 Ne4 19. Bd3 Nc3 20. Bg5 Bxd4 21.
exd4 Bb5 22. Bxb5 axb5 23. Rxc3 Rxc3 24. Bxe7 Rd3 25. Bxf8 Kxf8 26. g3 Rxd4 27.
Rc1 Rxd5 28. Rc7 Rd3 29. Rxb7 Rxa3 30. Rxb5 Rb3 31. g4 h5 32. gxh5 gxh5 33. Kg2
h4 34. f3 Kg7 35. Rb8 Kf6 36. Rb5 Kg6 37. Kh3 Rxf3+ 38. Kxh4 {nalimov} Rd3 39.
Kg4 Rd4+ 40. Kf3 Rd3+ 41. Kf4 Rh3 42. Rg5+ Kh6 43. Rg3 Rh4+ 44. Rg4 Rxh2 45.
Ke5 Kh5 46. Rg8 Rb2 47. Rb8 Kg5 48. b5 f6+ 49. Ke6 f5 50. b6 Kf4 51. Kf6 Rb5
52. b7 Kf3 53. Ke6 f4 54. Kd7 Kf2 55. Kc6 Rb3 56. Rf8 f3 57. b8=Q Rxb8 58. Rxb8
Ke3 59. Kd5 f2 60. Rb1 Ke2 61. Ke4 f1=Q 62. Rb2+ Ke1 63. Rb1+ Ke2 64. Rb2+ Ke1
1/2-1/2

[Event "2012 Oregon Open"]
[Site "Gresham, OR"]
[Date "2012.09.03"]
[Round "6"]
[White "Roland, Jeffrey"]
[Black "Eagles, Roland"]
[Result "1-0"]
[WhiteElo "1700"]
[BlackElo "1911"]
[PlyCount "63"]

1. d4 Nf6 2. Nf3 g6 3. g3 Bg7 4. Bg2 O-O 5. c4 c5 6. e3 d6 7. O-O Nc6 8. Nc3
Bg4 9. h3 cxd4 10. exd4 Bxf3 11. Bxf3 Rc8 12. Be3 a6 13. Qd2 e5 14. b3 exd4 15.
Bxd4 Nxd4 16. Qxd4 Qa5 17. Rac1 d5 18. Nxd5 Nxd5 19. Qxd5 Qxa2 20. Qxb7 Rb8 21.
Qe4 Rxb3 22. Rc2 Qa3 23. Bg2 Rd8 24. c5 Rb4 25. Qe7 Qa5 26. c6 Qb6 27. c7 Rc8
28. Bd5 Qf6 29. Qd7 Qf5 30. Bxf7+ Qxf7 31. Qxc8+ Bf8 32. Qxf8+ 1-0

[Event "2012 Oregon Open"]
[Site "Gresham, OR"]
[Date "2012.09.03"]
[Round "6"]
[White "Sellers, Matt"]
[Black "Feng, Roland"]
[Result "1/2-1/2"]
[WhiteElo "2128"]
[BlackElo "2191"]
[PlyCount "28"]

1. e4 e6 2. d4 d5 3. Nd2 Nf6 4. Ngf3 c5 5. g3 Nc6 6. Bg2 Be7 7. O-O O-O 8. e5
Nd7 9. Re1 Re8 10. Nf1 b6 11. h4 f6 12. exf6 Bxf6 13. Ng5 Nf8 14. c4 Bb7 $14
1/2-1/2

[Event "2012 Oregon Open"]
[Site "Gresham, OR"]
[Date "2012.09.03"]
[Round "6"]
[White "Vaughn, Michael"]
[Black "Sato-Duncan, Takuma"]
[Result "0-1"]
[WhiteElo "1792"]
[BlackElo "1654"]
[PlyCount "56"]

1. d4 Nf6 2. Nf3 g6 3. g3 Bg7 4. Bg2 O-O 5. O-O d5 6. Bg5 Ne4 7. Bf4 c5 8. e3
Nc6 9. Nc3 h6 10. h3 g5 11. Nxe4 dxe4 12. Nxg5 hxg5 13. Bxg5 cxd4 14. Bxe4 Bxh3
15. Qh5 f5 16. Bxc6 Bxf1 17. Bxb7 Rb8 18. Bf3 Bc4 19. Kg2 Bd5 20. Rh1 Bxf3+ 21.
Kxf3 Qd5+ 22. Ke2 d3+ 23. Kf1 d2 24. Qh7+ Kf7 25. Qh5+ Ke6 26. Ke2 Rbd8 27. Rd1
Qc4+ 28. Kf3 Qg4+ 0-1

[Event "2012 Oregon Open"]
[Site "Gresham, OR"]
[Date "2012.09.03"]
[Round "6"]
[White "Yoshinaga, David"]
[Black "Murray, Dillon"]
[Result "1/2-1/2"]
[WhiteElo "1563"]
[BlackElo "1700"]
[PlyCount "96"]

1. c4 Nf6 2. Nc3 e6 3. e4 e5 4. d3 Nc6 5. f4 d6 6. Nf3 Bg4 7. Be2 Bxf3 8. Bxf3
Nd4 9. Be3 Nd7 10. O-O Be7 11. b4 Nxf3+ 12. Qxf3 exf4 13. Qxf4 O-O 14. Nd5 Ne5
15. Rad1 c6 16. Nxe7+ Qxe7 17. Qg3 c5 18. a3 a5 19. b5 a4 20. Rf5 f6 21. h4 Kh8
22. h5 h6 23. Bf4 Rad8 24. Qf2 b6 25. Qd2 Kh7 26. Rf1 Rd7 27. Qe3 Rdd8 28. Qg3
Rd7 29. Qe3 Rdd8 30. Qd2 Rd7 31. Qc3 Rdd8 32. d4 Nf7 33. e5 dxe5 34. dxe5 fxe5
35. Bxe5 Nxe5 36. Rxf8 Rxf8 37. Rxf8 Qxf8 38. Qxe5 Qd8 39. Qe4+ Kh8 40. Kf2
Qf6+ 41. Qf3 Qd4+ 42. Qe3 Qxc4 43. Qe8+ Qg8 44. Qc6 Qf7+ 45. Ke3 Qb3+ 46. Kd2
Qb2+ 47. Kd1 Qf6 48. g4 Qa1+ 1/2-1/2